Lovely - Billie Eilish ft. Khalid (Lyrics) - Statistics

General Stats
  • This quiz has been taken 17 times
  • The average score is 140 of 167
Answer Stats
Answer % Correct
a
100%
I
100%
Isn't
100%
it
100%
lovely
100%
all
93%
alone?
93%
bone
93%
Hello
93%
home
93%
made
93%
me
93%
mind
93%
my
93%
on
93%
skin
93%
welcome
93%
But
87%
but
87%
glass
87%
go
87%
Heart
87%
if
87%
of
87%
one
87%
or
87%
out
87%
stone
87%
to
87%
you
87%
can't
80%
Even
80%
guess
80%
here
80%
hope
80%
hundred
80%
make
80%
never
80%
night
80%
Oh
80%
pieces
80%
So
80%
takes
80%
Tear
80%
years
80%
away
73%
find
73%
found
73%
I'll
73%
in
73%
near
73%
now
73%
place
73%
someday
73%
stay
73%
Thought
73%
Wanna
73%
way
73%
fear
67%
feel
67%
fight
67%
for
67%
gotta
67%
hide
67%
outside
67%
alive
60%
Always
60%
better
60%
Lookin'
60%
Need
60%
Something's
60%
Walkin'
60%
head
53%
space
53%
time
53%
No matching quizzes found
Score Distribution
Percent of People with Each Score
Percentile by Number Answered
Your Score History
You have not taken this quiz